000 00558nam a2200205Ia 4500
005 20250508152822.0
008 008 250505s9999 xx 000 0 eng d
037 _aTextual
040 _aFEDL
_beng
_cFEDL
041 _aeng
_2eng
084 _a025.4, RAN
_qFEDL
100 _aRanganathan S R
245 0 _aProlegomena to library classification
260 _aLondon, UK
_bThe Library Association
_c1957
300 _a486p.
365 _aINR
_b36
650 _aLibrary Science
942 _cTEXL
_h025.4, RAN
999 _c1338952
_d1338952